[Event "Olot Volcans op 3rd"]
[Site "Olot"]
[Date "2012.06.09"]
[Round "5"]
[White "De Azua Arpi, Rafael"]
[Black "Caballero Maytin, Jesus"]
[Result "0-1"]
[WhiteElo "2016"]
[BlackElo "2073"]
[PlyCount "62"]
[EventDate "2012.05.26"]
[EventType "swiss"]
[EventRounds "8"]
[EventCountry "ESP"]
[SourceTitle "CBM 148 Extra"]
[Source "ChessBase"]
[SourceDate "2012.06.22"]
[SourceVersion "1"]
[SourceVersionDate "2012.06.22"]
[SourceQuality "1"]

1. d4 d5 2. c4 c6 3. e3 Nf6 4. Nc3 Bf5 5. cxd5 Nxd5 6. Bc4 e6 7. Nge2 Bd6 8. e4 Nxc3 9. Nxc3 Bg6 10. h4 h5 11. Qb3 b5 12. Bd3 Be7 13. Be3 Bxh4 14. 0-0-0 Nd7 15. f4 Rh6 16. Rh3 a5 17. g3 a4 18. Qc2 Be7 19. Qd2 f5 20. exf5 Bxf5 21. Bxf5 exf5 22. Qe2 b4 23. Nb1 Nf6 24. Nd2 Qd5 25. Kb1 Kf7 26. Nf3 Qe4+ 27. Ka1 Ng4 28. Ne5+ Kf8 29. Qc4 Nxe5 30. fxe5 Qxe3 31. Rdh1 a3 0-1